| 000 | 00465nam a2200181Ia 4500 | ||
|---|---|---|---|
| 003 | OSt | ||
| 005 | 20250120141153.0 | ||
| 008 | 231217s9999 xx 000 0 und d | ||
| 020 | _a9789812400918 | ||
| 040 | _c0 | ||
| 041 | _aEnglish | ||
| 082 | _a001.64404 KAL;1 R | ||
| 100 | _aKalata, Kathleen. | ||
| 245 | 0 | _aInternet programming with VB script and Java script | |
| 260 |
_c2001 _bThomson Learning _aAustralia |
||
| 300 | _axxii, 578 | ||
| 942 |
_cAA _2ddc |
||
| 999 |
_c197891 _d197891 |
||